COMESA annual report, 2010 (Record no. 79482)

MARC details
000 -LEADER
fixed length control field 00937nam a2200169 a 4500
008 - FIXED-LENGTH DATA ELEMENTS--GENERAL INFORMATION
fixed length control field 130807s2010 ||||||||||||||||| || u
050 ## - LIBRARY OF CONGRESS CALL NUMBER
Classification number COMESA(058)
110 ## - MAIN ENTRY--CORPORATE NAME
Corporate name or jurisdiction name as entry element Common Market for Eastern and Southern Africa (COMESA)
245 10 - TITLE STATEMENT
Title COMESA annual report, 2010
Statement of responsibility, etc. by Common Market for Eastern and Southern Africa [COMESA]
260 ## - PUBLICATION, DISTRIBUTION, ETC.
Place of publication, distribution, etc. Lusaka:
Name of publisher, distributor, etc. Common Market for Eastern and Southern Africa (COMESA)
Date of publication, distribution, etc. 2010
300 ## - PHYSICAL DESCRIPTION
Extent 118p.: ill.
362 1# -
-- <p>2010</p>
650 ## - SUBJECT ADDED ENTRY--TOPICAL TERM
Topical term or geographic name entry element COMESA--ANNUAL REPORTS
995 ## -
-- SPECIAL COLLECTIONS
-- 898
-- CBU-MAIN LIBRARY (Kitwe)
-- COMESA(058)A5/2010B
-- 2
-- AVAILABLE
-- Aug 7, 2013
-- B898
-- International Publications
995 ## -
-- SPECIAL COLLECTIONS
-- 897
-- CBU-MAIN LIBRARY (Kitwe)
-- COMESA(058)A5/2010A
-- 1
-- AVAILABLE
-- Aug 7, 2013
-- B897
-- International Publications
995 ## -
-- SPECIAL COLLECTIONS
-- 899
-- CBU-MAIN LIBRARY (Kitwe)
-- COMESA(058)A5/2010C
-- 3
-- AVAILABLE
-- Aug 7, 2013
-- B899
-- International Publications
999 ## -
-- 79482
-- 79482
Holdings
Withdrawn status Lost status Source of classification or shelving scheme Damaged status Not for loan Permanent Location Current Location Shelving location Date acquired Total Checkouts Full call number Barcode Date last seen Copy number Price effective from Koha item type
          CBU-MAIN LIBRARY, KITWE. CBU-MAIN LIBRARY, KITWE.   06/29/2023   COMESA(058)A5/2010B B898 06/29/2023 1 06/29/2023 SPECIAL COLLECTION
          CBU-MAIN LIBRARY, KITWE. CBU-MAIN LIBRARY, KITWE.   06/29/2023   COMESA(058)A5/2010A B897 06/29/2023 2 06/29/2023 SPECIAL COLLECTION
          CBU-MAIN LIBRARY, KITWE. CBU-MAIN LIBRARY, KITWE.   06/29/2023   COMESA(058)A5/2010C B899 06/29/2023 3 06/29/2023 SPECIAL COLLECTION